[Event "Foment Martinenc op-B 23rd"]
[Site "Barcelona"]
[Date "2023.04.22"]
[Round "1"]
[White "Pivi, Lorenzo"]
[Black "Olvera Anton, Alejandro"]
[Result "0-1"]
[WhiteElo "1557"]
[BlackElo "1864"]
[PlyCount "88"]
[EventDate "2023.04.22"]
[EventType "swiss"]
[EventRounds "9"]
[EventCountry "ESP"]
[SourceTitle "EXT 2024"]
[Source "ChessBase"]
[SourceDate "2023.10.10"]
[SourceVersion "1"]
[SourceVersionDate "2023.10.10"]
[SourceQuality "1"]

1. d4 d5 2. c4 c6 3. cxd5 cxd5 4. Bf4 Nf6 5. e3 e6 6. Bb5+ Bd7 7. Bxd7+ Nbxd7 8. h3 Ne4 9. Qb3 Qb6 10. Qxb6 Nxb6 11. a3 Rc8 12. Ne2 Nc4 13. f3 Nf6 14. b3 Na5 15. b4 Nc4 16. Nbc3 Nh5 17. Kf2 Nxf4 18. exf4 Bd6 19. g3 Kd7 20. Rhc1 a6 21. Na4 Rc6 22. Nc5+ Bxc5 23. dxc5 f6 24. Nd4 Rcc8 25. f5 e5 26. Ne6 g6 27. g4 gxf5 28. gxf5 Rhg8 29. Rd1 Kc6 30. a4 d4 31. Rab1 Ne3 32. b5+ axb5 33. axb5+ Kd5 34. Rg1 Nxf5 35. Rxg8 Rxg8 36. Nc7+ Kxc5 37. Rc1+ Kd6 38. b6 Ne3 39. Nb5+ Ke6 40. Rc7 Rg2+ 41. Ke1 Rb2 42. Rc5 d3 43. Nc7+ Kf5 44. Rb5 d2+ 0-1

[Event "Barcelona Sant Marti op 10th"]
[Site "Barcelona"]
[Date "2023.02.02"]
[Round "4"]
[White "Muntane Aznar, Juan Manuel"]
[Black "Pivi, Lorenzo"]
[Result "0-1"]
[WhiteElo "1780"]
[BlackElo "1449"]
[PlyCount "147"]
[EventDate "2023.01.12"]
[EventType "swiss"]
[EventRounds "9"]
[EventCountry "ESP"]
[SourceTitle "CBM 213 Extra"]
[Source "ChessBase"]
[SourceDate "2023.05.31"]
[SourceVersion "1"]
[SourceVersionDate "2023.05.31"]
[SourceQuality "1"]

1. c4 e5 2. Nc3 Nc6 3. d3 f5 4. Nf3 Nf6 5. Bg5 Bb4 6. Rc1 0-0 7. e3 Qe8 8. Bxf6 Rxf6 9. Be2 d6 10. 0-0 Bxc3 11. Rxc3 b6 12. a3 a5 13. Nd2 Nd8 14. d4 e4 15. f3 exf3 16. Bxf3 Bb7 17. d5 Nf7 18. g3 Bc8 19. Bg2 Ng5 20. h4 Nf7 21. e4 Ne5 22. Re3 Qf7 23. b3 f4 24. Rc3 Bg4 25. Bf3 Bh3 26. Bg2 Bg4 27. Bf3 h5 28. Bxg4 hxg4 29. gxf4 Rxf4 30. Kg2 Rf8 31. Qe2 Qh5 32. Rxf4 Rxf4 33. Kg3 Ng6 34. e5 Qxh4+ 35. Kg2 Nxe5 36. Rg3 Qh7 37. Qe3 g5 38. b4 Qf5 39. bxa5 bxa5 40. Qa7 Nf3 41. Qb8+ Qf8 42. Qxf8+ Kxf8 43. Nf1 Re4 44. Kf2 Rxc4 45. Ne3 Rf4 46. Ke2 Ne5 47. Rg1 Kg7 48. Rc1 Rf7 49. Rb1 Nf3 50. Nxg4 Nd4+ 51. Kd3 Rf4 52. Ne3 Nf5 53. Rb7 Rf3 54. Ke4 Rxe3+ 55. Kxf5 Re5+ 56. Kg4 Rxd5 57. Rxc7+ Kf6 58. Rc1 Rd4+ 59. Kf3 d5 60. Ke3 Ke5 61. Rc5 Ra4 62. Rc8 Rxa3+ 63. Kd2 Ra4 64. Re8+ Kf4 65. Rd8 Ke5 66. Re8+ Kd4 67. Rg8 Ra2+ 68. Kd1 Kd3 69. Kc1 Kc3 70. Kd1 Rg2 71. Rd8 d4 72. Rd5 a4 73. Ra5 Kb4 74. Rd5 0-1